CAD/ CAM (Record no. 9936)

MARC details
000 -LEADER
fixed length control field 00447nam a2200205Ia 4500
001 - CONTROL NUMBER
control field 093854
003 - CONTROL NUMBER IDENTIFIER
control field YMCAF
005 - DATE AND TIME OF LATEST TRANSACTION
control field 20230512161920.0
008 - FIXED-LENGTH DATA ELEMENTS--GENERAL INFORMATION
fixed length control field 100717s2007 ||||||||||||||||| ||und|d
024 ## - OTHER STANDARD IDENTIFIER
Standard number or code 93854
035 ## - SYSTEM CONTROL NUMBER
System control number 33312
040 ## - CATALOGING SOURCE
Original cataloging agency YMCAF
Language of cataloging eng
Transcribing agency IN-KoLT
041 ## - LANGUAGE CODE
Language code of text/sound track or separate title eng
082 ## - DEWEY DECIMAL CLASSIFICATION NUMBER
Classification number 670.285
Item number ZEI
100 ## - MAIN ENTRY--PERSONAL NAME
Personal name Zeid, Ibrahim
245 #0 - TITLE STATEMENT
Title CAD/ CAM
Remainder of title Theory and Practice
260 ## - PUBLICATION, DISTRIBUTION, ETC.
Name of publisher, distributor, etc. TMH
Date of publication, distribution, etc. 2007
300 ## - PHYSICAL DESCRIPTION
Extent 831
942 ## - ADDED ENTRY ELEMENTS (KOHA)
Source of classification or shelving scheme Dewey Decimal Classification
Koha item type Books
Holdings
Withdrawn status Lost status Damaged status Not for loan Home library Current library Date acquired Cost, normal purchase price Total Checkouts Barcode Date last seen Date last checked out Cost, replacement price Price effective from Koha item type Public note G Total Renewals
        JC Bose University of Science & Technology JC Bose University of Science & Technology 17/07/2010 435.00 1 38725 02/06/2025 05/05/2025 435.00 12/05/2023 Books C SI4367  
        JC Bose University of Science & Technology JC Bose University of Science & Technology 17/07/2010 375.00   33312 12/05/2023   375.00 12/05/2023 Books C 2660  
        JC Bose University of Science & Technology JC Bose University of Science & Technology 17/07/2010 375.00 1 33313 18/02/2025 05/02/2025 375.00 12/05/2023 Books C 2660  
        JC Bose University of Science & Technology JC Bose University of Science & Technology 17/07/2010 375.00   33314 12/05/2023   375.00 12/05/2023 Books C 2660  
        JC Bose University of Science & Technology JC Bose University of Science & Technology 17/07/2010 375.00   33315 12/05/2023   375.00 12/05/2023 Books C 2660  
        JC Bose University of Science & Technology JC Bose University of Science & Technology 17/07/2010 375.00 1 33316 02/12/2023 30/11/2023 375.00 12/05/2023 Books C 2660  
        JC Bose University of Science & Technology JC Bose University of Science & Technology 17/07/2010 375.00   33317 12/05/2023   375.00 12/05/2023 Books C 2660  
        JC Bose University of Science & Technology JC Bose University of Science & Technology 17/07/2010 375.00 1 33318 02/05/2024 28/03/2024 375.00 12/05/2023 Books C 2660 1
        JC Bose University of Science & Technology JC Bose University of Science & Technology 17/07/2010 375.00   33319 12/05/2023   375.00 12/05/2023 Books C 2660  
        JC Bose University of Science & Technology JC Bose University of Science & Technology 17/07/2010 375.00 3 33320 02/05/2025 11/04/2025 375.00 12/05/2023 Books C 2660  
        JC Bose University of Science & Technology JC Bose University of Science & Technology 17/07/2010 375.00   33321 12/05/2023   375.00 12/05/2023 Books C 2660  
        JC Bose University of Science & Technology JC Bose University of Science & Technology 17/07/2010 435.00   38721 12/05/2023   435.00 12/05/2023 Books C SI4367  
        JC Bose University of Science & Technology JC Bose University of Science & Technology 17/07/2010 435.00   38722 12/05/2023   435.00 12/05/2023 Books C SI4367  
        JC Bose University of Science & Technology JC Bose University of Science & Technology 17/07/2010 435.00 1 38723 06/06/2025 19/05/2025 435.00 12/05/2023 Books C SI4367  
        JC Bose University of Science & Technology JC Bose University of Science & Technology 17/07/2010 435.00 2 38724 16/05/2025 11/04/2025 435.00 12/05/2023 Books C SI4367